00634cam a2200205 i 450000100060000000300080000600500170001400800390003103500140007004000320008404100080011608200220012410000280014624500780017425000110025226000450026330000260030850400510033465100430038526535BD-RjUL20211209051030.0140322s1972 ii b 001 0 eng a(BD-RjUL) aDLCcDLCdDLCdBD-RjULbeng aeng00a954.029bCHP 19721 aChandra, Satish,d1922-10aParties and politics at the Mughal Court, 1707-1740 /cby Satish Chandra. a2d ed. aNew Delhi :bPeople's Pub. House,c1972. alii, 323 p. ;c25 cm. aIncludes Bibliography: p. [274]-281 and index. 0aMogul EmpirexPolitics and government.